00682 2200205 4500001002100000005001500021035002000036008004100056245013400097100001500231250001200246260004200258300004600300020002200346084001600368082001000384650003200394990002500426990002500451INLIS00000000002622020230823015518 a0010-0823000678230823 a 1 ind 1 aSeri Sastra Anak Asia :bSiapa yang Makan Kesemek Nenek? /cLiu Hangyu ; alih bahasa. Krisna Arya ; editor, editor, Novelya Putri aLiu Hangyu aCetakan aJakarta :bBhuana Ilmu Populer,c2022 a30 halaman :bilustrasi berwarna ;c24 cm a978-623-04-0739-0 a398.2 LIU s a398.2 4aDongeng, Bacaan kanak-kanak a3625/B/DINARPUS/2023 a3626/B/DINARPUS/2023